LEADER 00846nam a2200229 i 4500 001 000000212215 003 CaOOAMICUS 005 20120330000000.0 008 120330s1967 it u000 u ita u 013 $a191046 040 $aSeMil$bita 100 1 $aZampaglione, Gerardo.$0(OLS)http://semarc/name/75731 245 12$aL'idea della pace nel mondo antico /$cGerardo Zampaglione. 260 $aTorino :$bERI,$c1967. 300 $a491 p. ;$c21 cm. 490 0 $aSaggi 650 4$aPace - Antichità.$0(OLS)http://semarc/subject/26242 830 0$aSaggi.$0(OLS)http://semarc/title/341 850 $aSeMil 852 $aSeMil$W1$xVenegono$y1$m3S III 253$j162650$B162650$CSeMilBibl$Z2$F173843 $81 996 $6245$aL'idea della pace nel mondo antico$9(OLS)http://semarc/title/306470 996 $6260$aTorino :$bERI$9(OLS)http://semarc/publisher/31745 LEADER 00595nab a2200145 i 4500 001 000000271795 003 CaOOAMICUS 005 20091005000000.0 008 091005n xx uu u0 0und r 013 $a19155 040 $aSeMil$bita 245 10$a[SENZA TITOLO]. - [27] c. - In copertina :$bServizi disponibili on line, www.agensir.it. 500 $a02 ottobre 2009 (N. 1771). 773 0 $t[2009.$dRoma : Società per l'Informazione Religiosa (SIR), stampa 2009.$w()181995 996 $6245$a[SENZA TITOLO]. - [27] c. - In copertina :$bServizi disponibili on line, www.agensir.it.$9(OLS)http://semarc/title/358560